Zprostředkovatelská činnost z pohledu státního dozoru nad pojišťovnictvím

Dôležitosť a nutnosť rozvoja sprostredkovateľskej činnosti v oblasti poisťovníctva v súvislosti s rozvojom poistného trhu na území Českej republiky po r. 1989. Zákon č.185/1991 Sb. o poisťovníctve, upravujúci sprostredkovateľskú činnosť. Vykonávanie sprostredkovateľskej činnosti na základe povolenia...

Descrizione completa

Salvato in:
Dettagli Bibliografici
Autore principale: Krůpa, V.
Natura: Capitolo di libro
Lingua:ceco
Soggetti:
Tags: Aggiungi Tag
Nessun Tag, puoi essere il primo ad aggiungerne!!

MARC

LEADER 00000naa a2200000 4500
001 r018033
005 20221213082950.5
041 0 |a cze 
044 |a CZ 
245 1 0 |a Zprostředkovatelská činnost z pohledu státního dozoru nad pojišťovnictvím  |c V. Krůpa 
520 |a Dôležitosť a nutnosť rozvoja sprostredkovateľskej činnosti v oblasti poisťovníctva v súvislosti s rozvojom poistného trhu na území Českej republiky po r. 1989. Zákon č.185/1991 Sb. o poisťovníctve, upravujúci sprostredkovateľskú činnosť. Vykonávanie sprostredkovateľskej činnosti na základe povolenia dozorného orgánu. Popis postupu pred začatím sprostredkovateľskej činnosti. 1. Fyzická osoba, 2. Právnická osoba. 
610 2 0 |a poisťovníctvo 
610 2 0 |a sprostredkovatelia 
610 2 0 |a dozor štátny 
610 2 0 |a osoby fyzické 
610 2 0 |a osoby právnické 
610 2 0 |a trh poistný 
610 2 0 |a Česko 
610 2 0 |a zákony 
100 1 |a Krůpa, V.